| 000 | 00567cam a2200205ua 4500 | ||
|---|---|---|---|
| 001 | 2392 | ||
| 008 | 110812n ii |||gr||||Z||||||eng | ||
| 020 | _a81-7457-000-4 | ||
| 040 | _cMAIN | ||
| 082 | _a370.1 | ||
| 100 | 1 | _aChaube, S. P., | |
| 245 | 1 |
_aPhilosophical and sociological foundations of education _cby S P. Chaube |
|
| 250 | _a5th. | ||
| 260 |
_aAgra: _bVinod pustak mandir,997. |
||
| 300 |
_axiv; 489p: _c23cm. |
||
| 653 | _aEducation | ||
| 653 | _aPhilosophical and sociological foundations of education | ||
| 700 | _aChaube, Akhilesh, | ||
| 942 | _cBK | ||
| 999 |
_c2249 _d2249 |
||